Sports Quiz

Random Sports or World Cup Quiz

2006 World Cup Teams Quiz Stats

 Plays Quiz Updated Nov 15, 2017

Score 0/32 Timer 05:00
3 Plays Today
Team % Correct
Brazil
95.6%
Germany
95.4%
Italy
94.7%
France
94.4%
England
93%
Spain
92.4%
Argentina
92.3%
United States
91.9%
Portugal
88.3%
Japan
84.5%
Mexico
84.2%
Australia
80.3%
Netherlands
80.1%
Korea Republic
78.6%
Sweden
78%
Ghana
69.3%
Team % Correct
Côte d'Ivoire
66.7%
Paraguay
66.1%
Poland
64%
Switzerland
62.6%
Czech Republic
56.4%
Iran
55.4%
Croatia
55.4%
Costa Rica
51.9%
Ecuador
51.4%
Ukraine
51.3%
Trinidad and Tobago
45.2%
Saudi Arabia
44.2%
Togo
38.4%
Tunisia
32.5%
Serbia and Montenegro
29.7%
Angola
29.2%

You're not logged in!

Compare scores with friends on all Sporcle quizzes.
OR
Log In

Sporcle TV

Today on Sporcle TV


Watch our educational content, quiz creation guides, and fun videos on Sporcle TV.

Show Comments

Extras

Top Quizzes Today


Score Distribution

Your Account Isn't Verified!

In order to create a playlist on Sporcle, you need to verify the email address you used during registration. Go to your Sporcle Settings to finish the process.

Report this User

Report this user for behavior that violates our Community Guidelines.

Details: